Výtvarné práce s pohádkami : 52 jednoduchých návodů s krátkými pohádkami / Taťjana Macholdová, Martin Ryšavý
Record details
- ISBN: 80-7367-019-4
- Physical Description: 118 s. : barev. il. ; 23 cm
- Edition: Vyd. 1.
- Publisher: Praha : Portál, 2005
Search for related items by subject
| Subject: | výtvarné práce děti předškolního věku děti školního věku náměty, témata a motivy handicraft preschool children school children themes and motives |
| Genre: | metodické příručky pohádky methodological manuals fairy tales |
Available copies
- 1 of 1 copy available at Common Catalog SPOK.
Holds
- 0 current holds with 1 total copy.
Show Only Available Copies
| Location | Call Number / Copy Notes | Barcode | Shelving Location | Status | Due Date |
|---|---|---|---|---|---|
| Jabok Library | Ped-3.5.7/M | 424480020308 | Odborná literatura | Available | - |
| LDR | 01626nam a2200469 a 4500 | ||
|---|---|---|---|
| 001 | 14724 | ||
| 003 | CZ-PrJAB | ||
| 005 | 20190613093305.0 | ||
| 007 | ta | ||
| 008 | 050726s2005 xr a g f 000 j cze | ||
| 015 | . | ‡acnb001576792 | |
| 020 | . | ‡a80-7367-019-4 ‡q(brož.) : ‡cKč 197,00 | |
| 035 | . | ‡a(CZ PrNK)nkc20051576792 | |
| 035 | . | ‡a(OCoLC)85716634 | |
| 040 | . | ‡aABA001 ‡bcze ‡dBOA001 ‡dOLA001 | |
| 072 | 7. | ‡a74 ‡xKresba. Umělecká řemesla ‡2Konspekt ‡921 | |
| 080 | . | ‡a745 ‡2MRF | |
| 080 | . | ‡a316.346.32-053.4 ‡2MRF | |
| 080 | . | ‡a316.346.32-053.5 ‡2MRF | |
| 080 | . | ‡a7.04 ‡2MRF | |
| 080 | . | ‡a(072) ‡2MRF | |
| 080 | . | ‡a(0:82-34) ‡2MRF | |
| 100 | 1 | . | ‡aMacholdová, Taťjana ‡7mzk2005300954 ‡4aut |
| 245 | 1 | 0. | ‡aVýtvarné práce s pohádkami : ‡b52 jednoduchých návodů s krátkými pohádkami / ‡cTaťjana Macholdová, Martin Ryšavý |
| 250 | . | ‡aVyd. 1. | |
| 260 | . | ‡aPraha : ‡bPortál, ‡c2005 | |
| 300 | . | ‡a118 s. : ‡bbarev. il. ; ‡c23 cm | |
| 650 | 0 | 7. | ‡avýtvarné práce ‡7ph127466 ‡2czenas |
| 650 | 0 | 7. | ‡aděti předškolního věku ‡7ph119710 ‡2czenas |
| 650 | 0 | 7. | ‡aděti školního věku ‡7ph119714 ‡2czenas |
| 650 | 0 | 7. | ‡anáměty, témata a motivy ‡7ph138485 ‡2czenas |
| 650 | 0 | 9. | ‡ahandicraft ‡2eczenas |
| 650 | 0 | 9. | ‡apreschool children ‡2eczenas |
| 650 | 0 | 9. | ‡aschool children ‡2eczenas |
| 650 | 0 | 9. | ‡athemes and motives ‡2eczenas |
| 653 | 0 | . | ‡atvoření |
| 655 | 7. | ‡ametodické příručky ‡7fd132826 ‡2czenas | |
| 655 | 7. | ‡apohádky ‡7fd133054 ‡2czenas | |
| 655 | 9. | ‡amethodological manuals ‡2eczenas | |
| 655 | 9. | ‡afairy tales ‡2eczenas | |
| 700 | 1 | . | ‡aRyšavý, Martin, ‡d1967- ‡7jn20011018830 ‡4aut |
| 910 | . | ‡aABG312 | |
| 995 | . | ‡aska | |
| 901 | . | ‡a14724 ‡bUnknown ‡c14724 ‡tbiblio | |